000
00285nam a22001337a 4500
008
170223b xxu||||| |||| 00| 0 eng d
020
_a
0815177909
041
_a
eng
080
_a
616.31
100
_a
5
101
_a
SHK
245
_a
YEAR BOOK OF SURGERY
_c
SCHWARTZ
942
_2
udc
_c
BK
999
_c
6132
_d
6132